000 04525nam a22002177a 4500
005 20250805131740.0
008 250805b |||||||| |||| 00| 0 eng d
020 _a9786180053876
040 _aGR-AtMCL
_bgre
_dGR-AtMCL
_eAACR2
100 1 _aΞυνής, Σοφοκλής
_92691
245 1 _aΙΔΙΩΤΙΚΑ ΠΑΝΕΠΙΣΤΗΜΙΑ: O 50ετής ΑΓΩΝΑΣ (1974-2024) του Εκπαιδευτικού Ομίλου ΞΥΝΗ
260 _bΕκπαιδευτικός όμιλος ΞΥΝΗ,
_c2024
300 _a347 σ.:
_c23 εκ.
520 _aΑυτό το βιβλίο και η παρούσα συντετμημένη ψηφιακή επισκόπησή του (book preview) αποτελούν επετειακές εκδόσεις κατά το έτος 2024, που συμπίπτει με τη διακοσιετηρίδα τής ίδρυσης του πρώτου ελληνικού Πανεπιστημίου, της Ιονίου Ακαδημίας (1824) από τον Ελληνιστή Frederick North στην τότε Αγγλοκρατούμενη Κέρκυρα (Κεφ. 9.1.1). Ταυτόχρονα, το 2024 συμπίπτει και με την εκατονταετηρίδα τής ίδρυσης της εταιρείας Εκπαιδευτική Αναγέννησις (1924) του ευπατρίδη Γεωργίου Σ. Φραγκούδη, η οποία ίδρυσε τη Σχολή Πολιτικών Επιστημών νυν Πάντειον Πανεπιστήμιο Κοινωνικών και Πολιτικών Επιστημών στην Αθήνα (Κεφ. 9.1.2). Επί πλέον, το 2024 συμπληρώνεται μισός αιώνας από τότε που πήρα την απόφαση να ξεκινήσω την προσωπική μου Οδύσσεια—αγώνα ζωής—για το Άνοιγμα των Συνόρων στην Εκπαίδευση. Υπό αυτό το (τριπλό) επετειακό πρίσμα, στο βιβλίο περιγράφονται οι πρωτοβουλίες τού Εκπαιδευτικού Ομίλου ΞΥΝΗ κατά τα τελευταία 50 χρόνια για την εξωστρεφή αναδιάταξη της Ελληνικής Εκπαίδευσης, στο πλαίσιο της μακραίωνης παράδοσης που έχει η ιδιωτική εκπαίδευση στην Ελλάδα. Ενδεικτικά, πριν την Επανάσταση του 1821, έλαβε χώρα η Εκπαιδευτική Επανάσταση του 1796-1821, γνωστή ως Νεοελληνικός Διαφωτισμός, με τους μεγάλους Δασκάλους τού Γένους και τα εκατοντάδες ελληνικά σχολεία που ιδρύθηκαν τότε από κοινότητες και ιδιώτες (όχι από την Υψηλή Πύλη). Πρώτα οι ραγιάδες απέκτησαν —διά της (μη κρατικής) εκπαίδευσης—μια στοιχειώδη επίγνωση της Ιστορίας μας, και μετά πήραν τα όπλα για την Παλιγγενεσία. Στην πραγματικότητα, η ιδιωτική εκπαίδευση στην Ελλάδα έχει μακραίωνη ιστορία με ρίζες αρχαίες, που ανάγονται στην κλασική εποχή. Η Ακαδημία Πλάτωνος, το Λύκειον Αριστοτέλους, ο Κήπος Επικουρίων, κ.ο.κ., ήσαν ανώτατες φιλοσοφικές σχολές που ιδρύθηκαν από ιδιώτες (όχι από τις πόλεις-κράτη), τότε που η Ελλάδα των πόλεων ήταν το ΠΝΕΥΜΑΤΙΚΟ ΚΕΝΤΡΟ του Κόσμου (Ενότητα 5).
650 0 _aΠανεπιστήμια και κολλέγια, Ιδιωτικά
_99970
710 _aΠρωτοβουλία «Ελλάδα, Διεθές Κέντρο Εκπαίδευσης»
_99971
856 _yhttps://www.academia.edu/124586340/%CE%99%CE%94%CE%99%CE%A9%CE%A4%CE%99%CE%9A%CE%91_%CE%A0%CE%91%CE%9D%CE%95%CE%A0%CE%99%CE%A3%CE%A4%CE%97%CE%9C%CE%99%CE%91_O_50%CE%B5%CF%84%CE%AE%CF%82_%CE%91%CE%93%CE%A9%CE%9D%CE%91%CE%A3_1974_2024_%CF%84%CE%BF%CF%85_%CE%95%CE%BA%CF%80%CE%B1%CE%B9%CE%B4%CE%B5%CF%85%CF%84%CE%B9%CE%BA%CE%BF%CF%8D_%CE%9F%CE%BC%CE%AF%CE%BB%CE%BF%CF%85_%CE%9E%CE%A5%CE%9D%CE%97
942 _cBK
999 _c9876
_d9876